000 00835nam a22002297a 4500
999 _c1859
_d1859
005 20230209145852.0
008 230209b ||||| |||| 00| 0 eng d
020 _a9789620444234
040 _cKH8
082 _a495.1 CHI
245 _aChinese made easy = 轻松学汉语. 6:
_bTeacher's book. Simplified character version
246 _aChinese made easy = Qing song xue Han yu. 6:
_bTeacher's book. Simplified character version
250 _a3rd ed.
260 _aHong Kong:
_bJoint Publishing,
_c2018, ©2003
300 _a210 p. :
_bb&w ill. ;
_c28 cm.
500 _aSimplified characters version Chinese text accompanied with Pinyin romanization
505 _aTeacher's book = 教师用书
546 _aIn Chinese and English
650 _aChinese language
650 _aConversation and phrase books
942 _2ddc
_cTR